000 00766nam a2200265Ia 4500
003 OSt
005 20221007104132.0
006 a|||||r|||| 00| 0
007 ta
008 221006b |||||||| |||| 00| 0 eng d
020 _a0195692225
024 _a15,008
037 _cTextual
040 _aLCO
_cLCO
_beng
041 _2eng
_aeng
082 _aZ, P8
100 _aSankaran Kamala Ed.
_9462129
245 0 _aTowards Legal Literacy
_b An Introduction to Law in India
260 _aNew
_bDelhi Oxford University Press India
_c2008
300 _a212
650 _aLEGAL LITERACY
_9705716
700 _a Singh Ujjwal Kumar Ed.
_9462130
942 _hZ, P8
_cTEXL
999 _c1184571
_d1184571